Diccionario general de bibliografía española / (Record no. 155432)

MARC details
000 -LEADER
campo de control de longitud fija 01095nam a22002295i 4500
001 - NÚMERO DE CONTROL
campo de control 155432
003 - IDENTIFICADOR DE NÚMERO DE CONTROL
campo de control ES-MaACL
005 - FECHA Y HORA DE LA ÚLTIMA TRANSACCIÓN
campo de control 20240211063509.0
008 - DATOS DE LONGITUD FIJA--INFORMACIÓN GENERAL
campo de control de longitud fija 940202m18621881sp |||| | spa d
040 ## - FUENTE DE CATALOGACIÓN
Centro catalogador/agencia de origen AS
Lengua de catalogación spa
100 ## - ENTRADA PRINCIPAL--NOMBRE DE PERSONA
Nombre de persona Hidalgo, Dionisio,
Fechas asociadas al nombre 1809-1866
9 (RLIN) 222396
245 10 - MENCIÓN DEL TÍTULO
Título Diccionario general de bibliografía española /
Mención de responsabilidad, etc. por Dionisio Hidalgo.
260 ## - PUBLICACIÓN, DISTRIBUCIÓN, ETC.
Lugar de publicación, distribución, etc. Madrid :
Nombre del editor, distribuidor, etc. [s.n.],
Fecha de publicación, distribución, etc. 1862-1881 (
Fabricante Imprenta de las Escuelas Pías)
300 ## - DESCRIPCIÓN FÍSICA
Extensión 7 v. ;
Dimensiones 23 cm.
505 8# - NOTA DE CONTENIDO CON FORMATO
Nota de contenido con formato Contiene: Vol. VI. Índice de autores -- Vol. VII. Índice de materias
596 #1 - NOTA AL PIE DE IMPRENTA
NOTA AL PIE DE IMPRENTA Hay distintas imprentas: t.II. Imprenta de Julián Peña ; t.III.-V. Imprenta de J. Limia y G. Urosa ; t.VI. Imprenta de Moreno y Rojas ; T.VII Imprenta y Litografía de la Guirnalda.
597 #1 - NOTA DE DESCRIPCIÓN FÍSICA
NOTA DE DESCRIPCIÓN FÍSICA vol. 1(XXVI, 529 p.) -- vol. 2 (528 p. ) -- vol. 3 (528 p.) -- vol. 4 (528 p.) -- vol. 5 (513 p.) -- vol. 6 (425 p.) -- vol. 7 (472 p.)
597 #1 - NOTA DE DESCRIPCIÓN FÍSICA
NOTA DE DESCRIPCIÓN FÍSICA Texto a dos col.
752 ## - ENTRADA AGREGADA--NOMBRE JERÁRQUICO DEL LUGAR
País o entidad superior España -
Ciudad Madrid
852 ## - LOCALIZACIÓN
Ubicación ES-MaACL
Número de control de estantería D-2261-2265
Nota libre -- Enc. pasta
condición física -- Falto de los t.IV y V
Holdings
Estatus retirado Estado de pérdida Estado de daño No para préstamo Colección Biblioteca de origen Biblioteca actual Ubicación en estantería Fecha de adquisición Fuente de adquisición Total de préstamos Signatura topográfica completa Código de barras Visto por última vez Precio de reemplazo Tipo de ítem Koha
        Colección de referencia Biblioteca del Ateneo de Madrid Biblioteca del Ateneo de Madrid Sala Valle Inclán 17/01/2008     D-2261-2265 901162586 23/02/2023 23/02/2023 Libro impreso antiguo